Um zoológico às avessas (Record no. 172916)

MARC details
000 -LÍDER
campo de controle de tamanho fixo 00376 a2200169 4500
001 - NÚMERO DE CONTROLE
campo de controle 172916
020 ## - ISBN - INTERNATIONAL STANDARD BOOK NUMBER
ISBN - International Standard Book Number 85-7153-037-8
040 ## - FONTE DA CATALOGAÇÃO
Instituição que transcreveu o registro Magnum
100 ## - ENTRADA PRINCIPAL--NOME PESSOAL
Nome pessoal Araújo, Márcia Corrêa de
240 10 - TÍTULO UNIFORME
Título uniforme Um zoológico às avessas
Idioma da obra por
245 10 - TÍTULO
Título Um zoológico às avessas
300 ## - DESCRIÇÃO FÍSICA
Extensão 12
362 0# - DATAS DE PUBLICAÇÃO E/OU DESIGNAÇÃO SEQUENCIAL
Datas de publicação e/ou designação sequencial 1991
440 #1 - DECLARAÇÃO DE SÉRIE/ENTRADA ADICIONADA--TÍTULO
Título RHJ
697 ## - ENTRADA DE ASSUNTO LOCAL--ENTIDADE COLETIVA (RLIN)
Nome corporativo ou nome da jurisdição LITERATURA INFANTO
942 ## - ELEMENTOS DE ENTRADA ADICIONADOS (KOHA)
Tipo de material Koha Livros
Holdings
Situação do descarte Situação das perdas Situação física Não pode ser emprestado Biblioteca de origem Biblioteca atual Data de aquisição Total de empréstimos Número de chamada completo Código de barras Data de último acesso Data do preço efetivo Tipo de material Koha
        Magnum Magnum 08/06/2024   869.1.678 MAG00019754 08/06/2024 08/06/2024 Livros
        Magnum Magnum 08/06/2024   869.1.678 MAG00019755 08/06/2024 08/06/2024 Livros
        Magnum Magnum 08/06/2024   869.1.678 MAG00019756 08/06/2024 08/06/2024 Livros
        Magnum Magnum 08/06/2024   869.1.678 MAG00019757 08/06/2024 08/06/2024 Livros
        Magnum Magnum 08/06/2024   869.1.678 MAG00019758 08/06/2024 08/06/2024 Livros
        Magnum Magnum 08/06/2024   869.1.678 MAG00019759 08/06/2024 08/06/2024 Livros
        Magnum Magnum 08/06/2024   869.1.678 MAG00019760 08/06/2024 08/06/2024 Livros